Statistics for Top 10 Longest States by Latitude

Click here to take the quiz!

General Stats

  • This quiz has been taken 418 times
  • The average score is 6 of 10

Answer Stats

Answer% Correct
11,370 miAlaska
97%
2655 miCalifornia
94%
3725 miTexas
92%
6445 miFlorida
78%
4485 miNevada
66%
7440 miMichigan
53%
5480 miIdaho
47%
9390 miArizona
37%
9390 miNew Mexico
31%
8405 miMinnesota
28%

Score Distribution

Percentile by Number Answered

Percent of People with Each Score

Your Score History

You have not taken this quiz